| 000 | 01455 a2200205 4500 | ||
|---|---|---|---|
| 001 | 28321 | ||
| 005 | 20260407155555.0 | ||
| 008 | 260407a1989 arg spa d | ||
| 003 | AR-UNSa-BCEJYS | ||
| 040 |
_aAR-UNSa-BCEJYS _bspa _cAR-UNSa-BCEJYS |
||
| 080 |
_a657 _xContabilidad |
||
| 245 | 1 | 0 | _aNuevas normas contables 1984-1988 |
| 020 | _a950-9109-89-4 | ||
| 264 | 1 |
_aRosario : _bNova Tesis _c1989 |
|
| 300 |
_a366 p. _c23 cm. |
||
| 505 | _a1. La sanción de normas contables en la argentina - 2. Los principales novedades 1984-1988 - 3. La RT4sobre consolidación de estados contables - 4. La RT5 sobre valuación de inversiones en sociedades controladas y vinculadas - 5. La RT6 sobre ajustes por inflación - 6. La RT8 y 9 sobre exposiciones contables - 7. El informe 13 sobre normas contables profesionales - 8. El proyecto de unificación de la legislación civil y comercial - 9. Proyectos legislativos sobre ajustes por inflación - 10. Normas contables profesionales - 11. Normas de inspección general de justicia - 12. Normas de la comisión nacional de valores - 13. Normas del banco central de la república argentina - 14. Normas de la superintendencia de seguros de la nación - 15. Normas de la secretaria de acción cooperativa - 16. Normas del instituto nacional de acción mutual - 17. Normas del instituto nacional de obras sociales. | ||
| 942 | _cBK | ||
| 590 | _aniveau_biblio:m niveau_hierar:0 | ||
| 100 | 1 | _aFowler Newton, Enrique | |
| 999 |
_c1692 _d1692 |
||